|
|
|
|
| LEADER |
01007nam a2200301 a 4500 |
| 001 |
001122740 |
| 003 |
CZ BrMZK |
| 005 |
20111221140100.0 |
| 007 |
ta |
| 008 |
100920s2010 hu g 000 f hun |
| 020 |
|
|
|a 978-963-266-134-6
|q (váz.)
|
| 040 |
|
|
|a BOA001
|b cze
|
| 041 |
1 |
|
|a hun
|h cze
|
| 072 |
|
7 |
|a 821.162.3-3
|x Česká próza
|2 Konspekt
|9 25
|
| 080 |
|
|
|a 821.162.3-32
|2 MRF
|
| 080 |
|
|
|a (0:82-32)
|2 MRF
|
| 100 |
1 |
|
|a Škvorecký, Josef,
|d 1924-2012
|7 jk01130413
|4 aut
|
| 240 |
1 |
0 |
|a Obyčejné životy.
|l Maďarsky
|
| 245 |
1 |
0 |
|a Hétköznapi életek /
|c Josef Škvorecký ; [fordította V. Detre Zsuzsa]
|
| 260 |
|
|
|a Budapest :
|b Cartaphilus,
|c 2010
|
| 300 |
|
|
|a 208 s. ;
|c 21 cm
|
| 500 |
|
|
|a Přeloženo z češtiny
|
| 655 |
|
7 |
|a české novely
|7 fd133969
|2 czenas
|
| 700 |
1 |
|
|a Detre, Zsuzsa,
|d 1955-
|7 jn20010602210
|4 trl
|
| 910 |
2 |
|
|a BOA001
|b M2-1251.561
|
| 990 |
|
|
|a BK
|
| 991 |
|
|
|b 201011
|e b
|
| 996 |
7 |
|
|b 2610451318
|c M2-1251.561
|l MZK
|r Sklad / do 24 hodin
|n 0
|p dar
|w 001152155
|u 000010
|a 1
|e BOA001
|j MZK50
|s A
|